[Event "SUI-chT"]
[Site "Switzerland"]
[Date "2019.05.04"]
[Round "3.7"]
[White "Schiendorfer, Florian"]
[Black "Landenbergue, Claude"]
[Result "1/2-1/2"]
[WhiteElo "2165"]
[BlackElo "2335"]
[PlyCount "50"]
[EventDate "2019.03.10"]
[EventType "team-tourn"]
[EventRounds "9"]
[EventCountry "SUI"]
[SourceTitle "CBM 190 Extra"]
[Source "ChessBase"]
[SourceDate "2019.07.15"]
[SourceVersion "1"]
[SourceVersionDate "2019.07.15"]
[SourceQuality "1"]
[WhiteTeam "Solothurn"]
[BlackTeam "Geneve"]
[WhiteTeamCountry "SUI"]
[BlackTeamCountry "SUI"]

1. Nf3 d5 2. g3 Nf6 3. Bg2 c6 4. 0-0 Bg4 5. c4 e6 6. d3 Nbd7 7. cxd5 exd5 8. Nc3 Bc5 9. h3 Bxf3 10. Bxf3 0-0 11. Bg2 d4 12. Ne4 Nxe4 13. Bxe4 Re8 14. Bd2 a5 15. Qc2 Qe7 16. Rac1 Bb4 17. Kg2 Bxd2 18. Qxd2 Qd6 19. Rc2 h6 20. Rb1 Nf6 21. Bf3 Nd5 22. Rc4 Nb6 23. Rc2 Nd5 24. Rc4 Nb6 25. Rc2 Nd5 1/2-1/2

[Event "SUI-ch op"]
[Site "Leukerbad"]
[Date "2015.07.15"]
[Round "7"]
[White "Schiendorfer, Florian"]
[Black "Colmenares, Aurelio"]
[Result "1/2-1/2"]
[WhiteElo "2167"]
[BlackElo "2351"]
[PlyCount "130"]
[EventDate "2015.07.09"]
[EventType "swiss"]
[EventRounds "9"]
[EventCountry "SUI"]
[SourceTitle "EXT 2019"]
[Source "ChessBase"]
[SourceDate "2018.10.10"]
[SourceVersion "1"]
[SourceVersionDate "2018.10.10"]
[SourceQuality "1"]

1. c4 Nf6 2. Nc3 d5 3. cxd5 Nxd5 4. g3 g6 5. Bg2 Nxc3 6. bxc3 Bg7 7. h4 h6 8. Rb1 0-0 9. h5 g5 10. Qc2 c5 11. f4 Qc7 12. d3 Nc6 13. Kf2 f6 14. Be4 f5 15. Bd5+ e6 16. Bg2 g4 17. e3 b6 18. Ne2 Bb7 19. e4 Rad8 20. Be3 Na5 21. Nc1 e5 22. Nb3 Nxb3 23. Qxb3+ Kh8 24. Rhd1 exf4 25. gxf4 fxe4 26. dxe4 Rde8 27. Qc4 Qe7 28. Kg3 Bxe4 29. Bxe4 Qxe4 30. Qxe4 Rxe4 31. Bd2 Ra4 32. Rb2 Rd8 33. Re1 Bf6 34. Kxg4 Rd5 35. Rh1 Kg7 36. Rh3 Kf7 37. Rc2 Rg5+ 38. Kf3 Rg1 39. Bc1 Rc4 40. Kf2 Rd1 41. Ke2 Rd5 42. Bd2 Ke6 43. f5+ Kxf5 44. Bxh6 Kg4 45. Rf3 Re4+ 46. Be3 Bg5 47. c4 Rf5 48. Kd3 Rxf3 49. Rg2+ Kxh5 50. Rxg5+ Kh4 51. Kxe4 Rxe3+ 52. Kxe3 Kxg5 53. Ke4 Kg4 54. a4 Kg3 55. Kd5 Kf3 56. a5 bxa5 57. Kxc5 Ke4 58. Kb5 Ke5 59. c5 Ke6 60. Kxa5 Kd7 61. Kb5 Kc7 62. c6 a6+ 63. Kc5 a5 64. Kb5 a4 65. Kxa4 Kxc6 1/2-1/2

[Event "SUI-chT"]
[Site "Switzerland"]
[Date "2015.04.25"]
[Round "2.6"]
[White "Kaczmarczyk, Dennis"]
[Black "Schiendorfer, Florian"]
[Result "1-0"]
[WhiteElo "2397"]
[BlackElo "2204"]
[PlyCount "115"]
[EventDate "2015.03.29"]
[EventType "team-tourn"]
[EventRounds "9"]
[EventCountry "SUI"]
[SourceTitle "EXT 2016"]
[Source "ChessBase"]
[SourceDate "2015.10.08"]
[SourceVersion "1"]
[SourceVersionDate "2015.10.08"]
[SourceQuality "1"]
[WhiteTeam "Winterthur"]
[BlackTeam "Bern Schwarz Weiss"]
[WhiteTeamCountry "SUI"]
[BlackTeamCountry "SUI"]

1. d4 d6 2. Nf3 g6 3. g3 Bg7 4. Bg2 Nf6 5. 0-0 0-0 6. c4 Nc6 7. Nc3 a5 8. d5 Nb4 9. Nd4 Bd7 10. h3 Qc8 11. Kh2 c6 12. a3 Na6 13. Na4 Qc7 14. Be3 e5 15. dxe6 fxe6 16. Qd2 d5 17. cxd5 Nxd5 18. Rac1 Nxe3 19. Qxe3 Rae8 20. Nb3 Rf5 21. Rfd1 Bc8 22. Rc2 Ref8 23. Bf3 h5 24. Nbc5 Nxc5 25. Nxc5 Qe7 26. Kg2 Qg5 27. Qxg5 Rxg5 28. Be4 h4 29. g4 Bxb2 30. Nd7 Bxd7 31. Rxd7 Bxa3 32. Rxb7 Rf7 33. Rb8+ Kg7 34. Rxc6 Re5 35. Bd3 Bb4 36. Ra8 g5 37. Rcc8 Rf8 38. Rc7+ Rf7 39. Rc6 Kf6 40. Raa6 Re7 41. Bc4 Bd2 42. Kf3 Bb4 43. e3 Re8 44. Ke2 Re7 45. Bb3 Re8 46. Kf3 Re7 47. Rc8 Kg7 48. Ke2 Kf6 49. Rh8 Rc7 50. Bxe6 Kg7 51. Rg8+ Kh7 52. Rd8 Kg7 53. Bf5 Be7 54. Rg6+ Kf7 55. Rh8 Rxf5 56. gxf5 Rc5 57. Rh7+ Ke8 58. Re6 1-0

[Event "SUI-chT"]
[Site "Switzerland"]
[Date "2014.05.18"]
[Round "3.4"]
[White "Schiendorfer, Florian"]
[Black "Huss, Andreas"]
[Result "0-1"]
[WhiteElo "2190"]
[BlackElo "2381"]
[PlyCount "94"]
[EventDate "2014.03.16"]
[EventType "team-tourn"]
[EventRounds "9"]
[EventCountry "SUI"]
[SourceTitle "EXT 2015"]
[Source "ChessBase"]
[SourceDate "2014.11.20"]
[SourceVersion "1"]
[SourceVersionDate "2014.11.20"]
[SourceQuality "1"]
[WhiteTeam "Bern Schwarz Weiss"]
[BlackTeam "Winterthur"]
[WhiteTeamCountry "SUI"]
[BlackTeamCountry "SUI"]

1. Nf3 Nf6 2. e3 d5 3. d4 Bg4 4. c4 c6 5. cxd5 Bxf3 6. gxf3 cxd5 7. Qb3 Qd7 8. Bd2 Nc6 9. Nc3 e6 10. Rc1 Bd6 11. Na4 0-0 12. Bb5 Rac8 13. Nc5 Bxc5 14. Rxc5 a6 15. Be2 e5 16. dxe5 Nxe5 17. Rxc8 Rxc8 18. Bc3 d4 19. exd4 Ng6 20. Kd2 Nf4 21. Bd1 N6d5 22. Re1 b5 23. a3 Qc6 24. Re3 Qh6 25. Be2 Qxh2 26. Re5 Qxf2 27. Qd1 a5 28. Qe1 Qxe1+ 29. Kxe1 f6 30. Re4 Nxe2 31. Rxe2 Nxc3 32. bxc3 Rxc3 33. Rb2 Rxf3 34. Rxb5 Rxa3 35. Ke2 g5 36. d5 h5 37. Rb7 Kf8 38. d6 Ke8 39. Re7+ Kd8 40. Rf7 Rg3 41. Rxf6 Kd7 42. Rf5 a4 43. Rd5 a3 44. Kf2 h4 45. Rd4 Rb3 46. Kg2 g4 47. Kh2 Rb2+ 0-1

[Event "SUI-chT"]
[Site "Switzerland"]
[Date "2013.05.26"]
[Round "3.6"]
[White "Schiendorfer, Florian"]
[Black "Friedrich, Norbert"]
[Result "1/2-1/2"]
[WhiteElo "2208"]
[BlackElo "2302"]
[PlyCount "136"]
[EventDate "2013.03.17"]
[EventType "team-tourn"]
[EventRounds "9"]
[EventCountry "SUI"]
[SourceTitle "EXT 2014"]
[Source "ChessBase"]
[SourceDate "2013.11.20"]
[SourceVersion "1"]
[SourceVersionDate "2013.11.20"]
[SourceQuality "1"]
[WhiteTeam "Bern Schwarz Weiss"]
[BlackTeam "Zuerich"]
[WhiteTeamCountry "SUI"]
[BlackTeamCountry "SUI"]

1. Nf3 Nf6 2. c4 c6 3. e3 d5 4. b3 Bg4 5. Bb2 e6 6. Be2 Nbd7 7. 0-0 Bd6 8. Nc3 0-0 9. Rc1 Re8 10. d4 Qe7 11. h3 Bh5 12. Qc2 Bg6 13. Bd3 Bxd3 14. Qxd3 e5 15. dxe5 Nxe5 16. Nxe5 Qxe5 17. g3 dxc4 18. Qxc4 Qf5 19. Kg2 h5 20. Rfd1 Be5 21. Qd3 Qe6 22. Na4 Bxb2 23. Nxb2 Ne4 24. h4 Nxf2 25. Kxf2 Qf6+ 26. Kg2 Qxb2+ 27. Rc2 Qe5 28. Re2 Re6 29. Qd4 Qc7 30. Qd7 Re7 31. Qxc7 Rxc7 32. Red2 Kf8 33. Rd7 Rac8 34. Kf3 Ke8 35. R7d4 Re7 36. R1d3 f6 37. Rd6 Kf7 38. Rc3 Rce8 39. a3 Re5 40. Rd7+ R8e7 41. Rd8 Rf5+ 42. Ke2 Rd5 43. Rxd5 cxd5 44. Kf3 Ke6 45. Rc8 Rd7 46. b4 Kf5 47. a4 g6 48. a5 a6 49. Rc5 g5 50. b5 g4+ 51. Ke2 axb5 52. Rxb5 Ke4 53. Rb4+ Ke5 54. Kd3 Rc7 55. Rb5 Kd6 56. Rb6+ Ke5 57. Rb5 f5 58. Rb1 Rc5 59. Rxb7 Rxa5 60. Re7+ Kf6 61. Rd7 Ra2 62. Rxd5 Rg2 63. Rd6+ Ke5 64. Rh6 Rxg3 65. Rxh5 Rh3 66. Rh8 f4 67. Re8+ Kd6 68. Re4 Rxe3+ 1/2-1/2

[Event "SUI-chT"]
[Site "Switzerland"]
[Date "2013.04.28"]
[Round "2.6"]
[White "Schiendorfer, Florian"]
[Black "Georgiadis, Ioannis"]
[Result "0-1"]
[WhiteElo "2208"]
[BlackElo "2449"]
[PlyCount "58"]
[EventDate "2013.03.17"]
[EventType "team-tourn"]
[EventRounds "9"]
[EventCountry "SUI"]
[SourceTitle "EXT 2014"]
[Source "ChessBase"]
[SourceDate "2013.11.20"]
[SourceVersion "1"]
[SourceVersionDate "2013.11.20"]
[SourceQuality "1"]
[WhiteTeam "Bern Schwarz Weiss"]
[BlackTeam "Reti"]
[WhiteTeamCountry "SUI"]
[BlackTeamCountry "SUI"]

1. Nf3 Nf6 2. c4 e6 3. d4 b6 4. a3 Bb7 5. Nc3 g6 6. Bg5 Bg7 7. e3 d6 8. h3 Nbd7 9. Be2 0-0 10. 0-0 Qe7 11. Rc1 h6 12. Bh4 Rad8 13. b4 g5 14. Bg3 Ne4 15. Nxe4 Bxe4 16. Bd3 Bb7 17. Re1 f5 18. e4 f4 19. Bh2 h5 20. Nd2 Bxd4 21. Qxh5 Ne5 22. Qe2 g4 23. Nb3 Bxf2+ 24. Kxf2 g3+ 25. Bxg3 fxg3+ 26. Kxg3 Qg5+ 27. Kh2 Qf4+ 28. Kh1 Qg3 29. Red1 Rf2 0-1

[Event "Biel MTO op 45th"]
[Site "Biel"]
[Date "2012.07.23"]
[Round "1"]
[White "Schiendorfer, Florian"]
[Black "Khairullin, Ildar"]
[Result "1/2-1/2"]
[WhiteElo "2147"]
[BlackElo "2631"]
[PlyCount "62"]
[EventDate "2012.07.23"]
[EventType "swiss"]
[EventRounds "11"]
[EventCountry "SUI"]
[SourceTitle "CBM 149 Extra"]
[Source "ChessBase"]
[SourceDate "2012.08.24"]
[SourceVersion "1"]
[SourceVersionDate "2012.08.24"]
[SourceQuality "1"]

1. c4 c5 2. g3 Nc6 3. Bg2 g6 4. Nc3 Bg7 5. d3 e6 6. Bd2 Nge7 7. Rb1 0-0 8. h4 d5 9. cxd5 exd5 10. h5 Bg4 11. hxg6 fxg6 12. Qc1 Qd6 13. Bh6 Qf6 14. Nf3 Bxf3 15. Bxg7 Qxg7 16. Bxf3 Qe5 17. 0-0 Nd4 18. Bg2 Rad8 19. Qd1 b6 20. e3 Ne6 21. Ne2 Nf5 22. Qd2 h5 23. b4 Rd7 24. bxc5 bxc5 25. Qb2 Qd6 26. Qb3 h4 27. e4 Nfd4 28. Nxd4 Nxd4 29. Qxd5+ Qxd5 30. exd5 Ne2+ 31. Kh2 Nc3 1/2-1/2

[Event "Zuerich op-A 35th"]
[Site "Zuerich"]
[Date "2011.12.28"]
[Round "4"]
[White "Lekic, Dusan"]
[Black "Schiendorfer, Florian"]
[Result "1-0"]
[WhiteElo "2405"]
[BlackElo "2175"]
[PlyCount "75"]
[EventDate "2011.12.26"]
[EventType "swiss"]
[EventRounds "7"]
[EventCountry "SUI"]
[SourceTitle "CBM 146 Extra"]
[Source "ChessBase"]
[SourceDate "2012.02.29"]
[SourceVersion "1"]
[SourceVersionDate "2012.02.29"]
[SourceQuality "1"]

1. d4 d5 2. c4 c6 3. Nf3 Nf6 4. e3 Bf5 5. Nc3 e6 6. Nh4 Bg4 7. Qb3 Qb6 8. c5 Qc7 9. h3 Bh5 10. g4 Bg6 11. Bg2 Be7 12. Bd2 Nbd7 13. Nxg6 hxg6 14. Qd1 e5 15. 0-0 g5 16. b4 e4 17. f3 exf3 18. Qxf3 Nf8 19. e4 dxe4 20. Nxe4 Ne6 21. Be3 Rd8 22. Rad1 0-0 23. Nxg5 Nxg5 24. Bxg5 Nd5 25. Bd2 Rd7 26. g5 g6 27. h4 f5 28. Rfe1 Bd8 29. Re6 Rg7 30. Rde1 Qd7 31. Rd6 Qc8 32. h5 Ne7 33. h6 Rgf7 34. Bf1 Kh7 35. Bc4 Nd5 36. Bxd5 cxd5 37. Bf4 Bc7 38. Rxd5 1-0

[Event "Zuerich op-A 35th"]
[Site "Zuerich"]
[Date "2011.12.26"]
[Round "1"]
[White "Schiendorfer, Florian"]
[Black "Alekseev, Evgeny V"]
[Result "0-1"]
[WhiteElo "2175"]
[BlackElo "2670"]
[PlyCount "56"]
[EventDate "2011.12.26"]
[EventType "swiss"]
[EventRounds "7"]
[EventCountry "SUI"]
[SourceTitle "CBM 146 Extra"]
[Source "ChessBase"]
[SourceDate "2012.02.29"]
[SourceVersion "1"]
[SourceVersionDate "2012.02.29"]
[SourceQuality "1"]

1. d4 Nf6 2. c4 e6 3. Nc3 Bb4 4. Qc2 0-0 5. a3 Bxc3+ 6. Qxc3 d6 7. g3 e5 8. d5 c6 9. Bg2 cxd5 10. cxd5 Bf5 11. Bg5 Nbd7 12. e4 Bxe4 13. Bxe4 Nxe4 14. Bxd8 Nxc3 15. Be7 Rfe8 16. Bxd6 Nxd5 17. Ne2 N7b6 18. 0-0 Red8 19. Bc5 Nc4 20. Ra2 Nd2 21. Rd1 Nb3 22. Bb4 Rac8 23. Rd3 Nc1 24. Nxc1 Rxc1+ 25. Kg2 Nf4+ 26. gxf4 Rxd3 27. fxe5 h5 28. Bc3 h4 0-1

[Event "Graz op-A 16th"]
[Site "Graz"]
[Date "2009.09.06"]
[Round "9"]
[White "Schiendorfer, Florian"]
[Black "Matosec, Thomas"]
[Result "1/2-1/2"]
[WhiteElo "2138"]
[BlackElo "2061"]
[PlyCount "103"]
[EventDate "2009.08.29"]
[EventType "swiss"]
[EventRounds "9"]
[EventCountry "AUT"]
[SourceTitle "CBM 132 Extra"]
[Source "ChessBase"]
[SourceDate "2009.11.03"]
[SourceVersion "1"]
[SourceVersionDate "2009.11.03"]
[SourceQuality "1"]

1. d4 g6 2. c4 Bg7 3. Nf3 c5 4. d5 f5 5. g3 Nf6 6. Bg2 0-0 7. 0-0 d6 8. Nc3 Na6 9. Re1 Nc7 10. Qc2 b5 11. Nxb5 Nxb5 12. cxb5 Qb6 13. Qb3 a6 14. bxa6 Qxb3 15. axb3 Rxa6 16. Rxa6 Bxa6 17. Nd2 Bb7 18. e4 fxe4 19. Nxe4 Ng4 20. Bh3 Ne5 21. Be6+ Kh8 22. Re3 Nf3+ 23. Kg2 Nd4 24. Kh3 Nxe6 25. dxe6 Bxe4 26. Rxe4 Rxf2 27. Bg5 Bf6 28. Bh6 Rf5 29. Kg2 Bg5 30. g4 Rd5 31. Bxg5 Rxg5 32. h4 Rd5 33. Rf4 Rd2+ 34. Kf3 Rd3+ 35. Ke4 Rd4+ 36. Ke3 Rxf4 37. Kxf4 Kg7 38. g5 Kf8 39. Ke4 Ke8 40. Kd5 Kd8 41. Kc4 Kc7 42. Kb5 Kb7 43. b4 cxb4 44. Kxb4 Kb6 45. Kc4 Kc6 46. Kd4 Kb6 47. Kc4 Ka5 48. Kd5 Kb5 49. Kd4 Kc6 50. Kc4 Kb6 51. Kd4 Kc6 52. Kc4 1/2-1/2

[Event "Graz op-A 16th"]
[Site "Graz"]
[Date "2009.09.03"]
[Round "6"]
[White "Tomazini, Zan"]
[Black "Schiendorfer, Florian"]
[Result "1-0"]
[WhiteElo "2119"]
[BlackElo "2138"]
[PlyCount "95"]
[EventDate "2009.08.29"]
[EventType "swiss"]
[EventRounds "9"]
[EventCountry "AUT"]
[SourceTitle "CBM 132 Extra"]
[Source "ChessBase"]
[SourceDate "2009.11.03"]
[SourceVersion "1"]
[SourceVersionDate "2009.11.03"]
[SourceQuality "1"]

1. e4 Nc6 2. Nc3 Nf6 3. d4 d6 4. f4 Bg4 5. Nf3 e6 6. Be3 d5 7. e5 Ne4 8. a3 Nxc3 9. bxc3 Na5 10. h3 Bf5 11. Qb1 c6 12. Bd3 Qb6 13. Qa2 Nc4 14. Bxc4 dxc4 15. Nd2 Qa5 16. Qxc4 Bxc2 17. 0-0 Be7 18. a4 h5 19. g3 Rd8 20. Kh2 0-0 21. g4 c5 22. f5 cxd4 23. cxd4 Rc8 24. Qe2 f6 25. g5 fxe5 26. Qxh5 Rxf5 27. Rxf5 Bxf5 28. g6 Bxg6 29. Qxg6 Bf6 30. Rg1 Kf8 31. Bh6 Ke7 32. Ne4 exd4 33. Bxg7 Qe5+ 34. Kh1 Bxg7 35. Qxg7+ Qxg7 36. Rxg7+ Kf8 37. Rxb7 d3 38. Rxa7 Rc4 39. Nf2 d2 40. Kg2 Ke8 41. Kf3 Rc2 42. Ke3 Ra2 43. a5 Kd8 44. h4 Ra4 45. h5 Rh4 46. Rh7 Ra4 47. h6 Rxa5 48. Rg7 1-0

[Event "Graz op-A 16th"]
[Site "Graz"]
[Date "2009.08.29"]
[Round "1"]
[White "Schiendorfer, Florian"]
[Black "Rabiega, Robert"]
[Result "0-1"]
[WhiteElo "2138"]
[BlackElo "2551"]
[PlyCount "62"]
[EventDate "2009.08.29"]
[EventType "swiss"]
[EventRounds "9"]
[EventCountry "AUT"]
[SourceTitle "CBM 132 Extra"]
[Source "ChessBase"]
[SourceDate "2009.11.03"]
[SourceVersion "1"]
[SourceVersionDate "2009.11.03"]
[SourceQuality "1"]

1. e4 e5 2. Nc3 Nf6 3. Bc4 Bb4 4. d3 0-0 5. Nge2 c6 6. a3 Bxc3+ 7. Nxc3 d5 8. Ba2 Bg4 9. f3 Be6 10. 0-0 Nbd7 11. Kh1 Re8 12. Qe1 Qe7 13. Qg3 d4 14. Bxe6 fxe6 15. Ne2 Rf8 16. Bd2 c5 17. Qh3 Rf7 18. f4 Raf8 19. g3 Ne8 20. b3 Nd6 21. a4 Rf6 22. fxe5 Nxe5 23. Bf4 Ndf7 24. Kg2 g5 25. Bxe5 Nxe5 26. Qh5 Qg7 27. Ng1 g4 28. Qh4 Nf3 29. Nxf3 gxf3+ 30. Kf2 Rh6 31. Rg1 Kh8 0-1

[Event "Zuerich op-A 32nd"]
[Site "Zuerich"]
[Date "2008.12.29"]
[Round "5"]
[White "Kainz, Josef"]
[Black "Schiendorfer, Florian"]
[Result "0-1"]
[WhiteElo "1989"]
[BlackElo "2110"]
[PlyCount "62"]
[EventDate "2008.12.26"]
[EventType "swiss"]
[EventRounds "7"]
[EventCountry "SUI"]
[SourceTitle "CBM 127 Extra"]
[Source "ChessBase"]
[SourceDate "2009.01.08"]
[SourceVersion "2"]
[SourceVersionDate "2009.01.28"]
[SourceQuality "1"]

1. d4 Nf6 2. Nf3 d6 3. c4 Nbd7 4. Nc3 e5 5. Bg5 Be7 6. e4 0-0 7. Bd3 c6 8. 0-0 a6 9. a3 b5 10. b4 Bb7 11. dxe5 Nxe5 12. Nxe5 dxe5 13. c5 a5 14. Qe2 Bc8 15. h3 Be6 16. Be3 Ne8 17. Rad1 Qc8 18. Qh5 Bf6 19. Ne2 g6 20. Qf3 Bg7 21. g4 Nc7 22. Kh2 axb4 23. axb4 Ra3 24. Bc2 Na6 25. Rb1 Rd8 26. Rfd1 Rxd1 27. Bxd1 Bh6 28. Qf6 Bxe3 29. fxe3 Rxe3 30. Qxe5 Qd8 31. Qd4 Rxe2+ 0-1

[Event "SUI-chT"]
[Site "Switzerland"]
[Date "2008.09.06"]
[Round "6.7"]
[White "Schiendorfer, Florian"]
[Black "Fierz, Martin"]
[Result "1/2-1/2"]
[WhiteElo "2128"]
[BlackElo "2328"]
[PlyCount "66"]
[EventDate "2008.03.02"]
[EventType "team-tourn"]
[EventRounds "9"]
[EventCountry "SUI"]
[SourceTitle "EXT 2009"]
[Source "ChessBase"]
[SourceDate "2008.11.26"]
[SourceVersion "1"]
[SourceVersionDate "2008.11.26"]
[SourceQuality "1"]
[WhiteTeam "Bern"]
[BlackTeam "Wollishofen"]
[WhiteTeamCountry "SUI"]
[BlackTeamCountry "SUI"]

1. d4 d5 2. c4 c6 3. Nc3 Nf6 4. Nf3 a6 5. e3 b5 6. b3 Bg4 7. h3 Bxf3 8. gxf3 Nbd7 9. f4 e6 10. c5 g6 11. Bd3 Bg7 12. Bb2 0-0 13. Qc2 Nh5 14. 0-0-0 Qh4 15. Kb1 f5 16. Rdg1 Ndf6 17. f3 Nd7 18. Qg2 a5 19. Qg5 Bf6 20. Qxh4 Bxh4 21. Rg2 Kf7 22. Bc1 Bf6 23. Ne2 Bg7 24. a3 Bh6 25. Bd2 Rg8 26. Rhg1 a4 27. b4 Bg7 28. Bc2 Bf6 29. Be1 Rg7 30. Nc1 Rag8 31. Nd3 h6 32. h4 Be7 33. Bd1 Bf6 1/2-1/2

[Event "Biel MTO op 41st"]
[Site "Biel"]
[Date "2008.07.22"]
[Round "2"]
[White "Schiendorfer, Florian"]
[Black "Berczes, David"]
[Result "0-1"]
[WhiteElo "2106"]
[BlackElo "2458"]
[PlyCount "60"]
[EventDate "2008.07.21"]
[EventType "swiss"]
[EventRounds "11"]
[EventCountry "SUI"]
[SourceTitle "CBM 125 Extra"]
[Source "ChessBase"]
[SourceDate "2008.09.01"]
[SourceVersion "1"]
[SourceVersionDate "2008.09.01"]
[SourceQuality "1"]

1. d4 d5 2. c4 c6 3. Nc3 Nf6 4. Nf3 e6 5. Bg5 dxc4 6. e4 b5 7. e5 h6 8. Bh4 g5 9. Nxg5 hxg5 10. Bxg5 Nbd7 11. exf6 Bb7 12. g3 c5 13. d5 Bh6 14. Bxh6 Rxh6 15. Bg2 b4 16. Ne4 Nxf6 17. Qe2 Kf8 18. d6 Bd5 19. Qe3 Kg7 20. Rd1 Rh5 21. 0-0 Nxe4 22. Bxe4 Qxd6 23. Qf3 Rah8 24. Qg4+ Kf8 25. Bxd5 exd5 26. h4 Rxh4 27. gxh4 Rg8 28. Qxg8+ Kxg8 29. Kg2 d4 30. f4 c3 0-1

[Event "SUI-chT"]
[Site "Switzerland"]
[Date "2007.09.29"]
[Round "8.6"]
[White "Schiendorfer, Florian"]
[Black "Siegel, Georg"]
[Result "0-1"]
[WhiteElo "2083"]
[BlackElo "2387"]
[PlyCount "65"]
[EventDate "2007.02.25"]
[EventType "team-tourn"]
[EventRounds "9"]
[EventCountry "SUI"]
[SourceTitle "EXT 2008"]
[Source "ChessBase"]
[SourceDate "2007.11.25"]
[SourceVersion "1"]
[SourceVersionDate "2007.11.25"]
[SourceQuality "1"]
[WhiteTeam "Bern"]
[BlackTeam "Basel"]
[WhiteTeamCountry "SUI"]
[BlackTeamCountry "SUI"]

1. d4 d5 2. Bf4 Nf6 3. e3 Bg4 4. f3 Bf5 5. c4 e6 6. Qb3 Qc8 7. Nc3 c6 8. g4 Bg6 9. h4 h6 10. 0-0-0 Nbd7 11. Nh3 dxc4 12. Bxc4 Nb6 13. Bd3 Bxd3 14. Rxd3 Qd7 15. Rhd1 Bd6 16. Be5 Qc7 17. Bxf6 gxf6 18. Ne4 Be7 19. Nf4 0-0-0 20. Nc5 Rdg8 21. a4 Nd5 22. Nxd5 exd5 23. Qc2 h5 24. Rb3 Bxc5 25. Qf5+ Kb8 26. dxc5 hxg4 27. fxg4 Rxh4 28. Rd4 Rh1+ 29. Kc2 Qe7 30. Rc3 Qe5 31. Qd7 Qe6 32. Qxe6 fxe6 33. Rb3 0-1

[Event "SUI-chT"]
[Site "Switzerland"]
[Date "2007.09.02"]
[Round "7.8"]
[White "Maeser, Fabian"]
[Black "Schiendorfer, Florian"]
[Result "1-0"]
[WhiteElo "2325"]
[BlackElo "2083"]
[PlyCount "149"]
[EventDate "2007.02.25"]
[EventType "team-tourn"]
[EventRounds "9"]
[EventCountry "SUI"]
[SourceTitle "EXT 2008"]
[Source "ChessBase"]
[SourceDate "2007.11.25"]
[SourceVersion "1"]
[SourceVersionDate "2007.11.25"]
[SourceQuality "1"]
[WhiteTeam "Wollishofen"]
[BlackTeam "Bern"]
[WhiteTeamCountry "SUI"]
[BlackTeamCountry "SUI"]

1. e4 e6 2. d4 d5 3. Nd2 Nf6 4. e5 Nfd7 5. c3 c5 6. Ngf3 Nc6 7. Bd3 cxd4 8. cxd4 f6 9. exf6 Nxf6 10. 0-0 Bd6 11. Nb3 0-0 12. Bg5 Qc7 13. Bh4 Ne4 14. Qe2 Rf4 15. Bg3 Nxg3 16. hxg3 Rf6 17. Rfe1 Bd7 18. Ne5 Raf8 19. f4 Bxe5 20. fxe5 R6f7 21. Qc2 g6 22. Rf1 Qb6 23. Rxf7 Rxf7 24. Qc3 Nxe5 25. Nc5 Nxd3 26. Nxd3 Rf5 27. Re1 Qc6 28. Qd2 Qd6 29. Ne5 Bb5 30. Rc1 Qf8 31. a3 a6 32. Qe3 Rf1+ 33. Rxf1 Qxf1+ 34. Kh2 Qf5 35. g4 Qf6 36. g5 Qf5 37. Qc1 Bc6 38. Qe3 Bb5 39. Kg3 Kf8 40. Qc1 Bc6 41. Qc5+ Ke8 42. Qc1 Kd8 43. Nf3 Bb5 44. Qf4 Kd7 45. Qb8 Bc6 46. Qg8 Kc7 47. Qxh7+ Kb6 48. Qe7 Ka7 49. Qc5+ Ka8 50. Qd6 Bb5 51. Qe5 Qc2 52. Qxe6 Bf1 53. Ne1 Qc1 54. Qe7 Bc4 55. Nf3 Qxb2 56. Qe8+ Ka7 57. Qxg6 Bf1 58. Qd6 Qxg2+ 59. Kf4 Be2 60. Qc5+ Ka8 61. Qxd5 Bxf3 62. Qxf3 Qd2+ 63. Qe3 Qh2+ 64. Kf5 Qc2+ 65. Qe4 Qf2+ 66. Kg6 Qf8 67. a4 Qg8+ 68. Kh5 Qh8+ 69. Kg4 Qc8+ 70. Qf5 Qd8 71. d5 Qd6 72. g6 Qb4+ 73. Kh5 Qd4 74. a5 Qd1+ 75. Kh6 1-0

[Event "Baltic Sea Cup"]
[Site "Ronne"]
[Date "2007.08.01"]
[Round "3.21"]
[White "Schiendorfer, Florian"]
[Black "Hoi, Carsten"]
[Result "1-0"]
[WhiteElo "2059"]
[BlackElo "2422"]
[PlyCount "83"]
[EventDate "2007.07.30"]
[EventType "swiss"]
[EventRounds "9"]
[EventCountry "DEN"]
[SourceTitle "EXT 2023"]
[Source "ChessBase"]
[SourceDate "2022.10.05"]
[SourceVersion "1"]
[SourceVersionDate "2022.10.05"]
[SourceQuality "1"]

1. d4 Nf6 2. Bf4 d6 3. Nf3 g6 4. e3 Bg7 5. Be2 0-0 6. h3 Nbd7 7. 0-0 b6 8. a4 a5 9. c4 Bb7 10. Nc3 e6 11. Nb5 Ne4 12. Nd2 e5 13. Bh2 Ng5 14. Nf3 Ne6 15. Ra3 Kh8 16. Qd2 e4 17. Ne1 f5 18. Nc2 h5 19. b4 Bh6 20. d5 Ng5 21. Ncd4 axb4 22. Qxb4 Nc5 23. a5 bxa5 24. Rxa5 Rb8 25. Ra7 Qe7 26. Rb1 Nxh3+ 27. gxh3 Qg5+ 28. Kh1 Qh4 29. Qe1 f4 30. Qg1 g5 31. exf4 gxf4 32. Qg6 Rf6 33. Nf5 Rxg6 34. Nxh4 Rf6 35. f3 e3 36. Nxc7 Rg8 37. Rg1 Bg5 38. Ng2 Bc8 39. h4 Bh6 40. Ne1 Rgf8 41. Nb5 Nb3 42. Bd3 1-0

[Event "SUI-chT"]
[Site "Switzerland"]
[Date "2007.06.03"]
[Round "4.8"]
[White "Schiendorfer, Florian"]
[Black "Kamber, Bruno"]
[Result "0-1"]
[WhiteElo "2083"]
[BlackElo "2298"]
[PlyCount "142"]
[EventDate "2007.02.25"]
[EventType "team-tourn"]
[EventRounds "9"]
[EventCountry "SUI"]
[SourceTitle "EXT 2008"]
[Source "ChessBase"]
[SourceDate "2007.11.25"]
[SourceVersion "1"]
[SourceVersionDate "2007.11.25"]
[SourceQuality "1"]
[WhiteTeam "Bern"]
[BlackTeam "Reichenstein"]
[WhiteTeamCountry "SUI"]
[BlackTeamCountry "SUI"]

1. d4 g6 2. Nf3 Bg7 3. Bf4 Nf6 4. e3 0-0 5. h3 c5 6. c3 b6 7. Be2 Ba6 8. Bxa6 Nxa6 9. 0-0 Qc8 10. Nbd2 Qb7 11. Qe2 Rfe8 12. e4 Rac8 13. d5 d6 14. a4 Nc7 15. Nc4 a6 16. Qd3 Rcd8 17. Ra2 Nh5 18. Bh2 f5 19. exf5 Qxd5 20. Qxd5+ Nxd5 21. Rd1 Nhf6 22. fxg6 hxg6 23. g4 b5 24. axb5 axb5 25. Ncd2 Ra8 26. Rda1 Nb6 27. Nh4 Kf7 28. Nhf3 Nfd5 29. Ng5+ Kg8 30. Ne6 Bf6 31. Ne4 Rxa2 32. Rxa2 Ra8 33. Rxa8+ Nxa8 34. Nxf6+ Nxf6 35. Bf4 Nd5 36. Bc1 Nab6 37. f4 b4 38. cxb4 Nxb4 39. b3 N6d5 40. Bd2 Nc2 41. h4 Na1 42. f5 Nxb3 43. Bh6 gxf5 44. g5 c4 45. h5 c3 46. Bg7 c2 47. Bb2 c1Q+ 48. Bxc1 Nxc1 49. Nd4 Nd3 50. Nxf5 N3f4 51. Kf2 Nxh5 52. Kf3 Ng7 53. Nd4 Kf7 54. Ke4 Nc7 55. Nc6 Nce6 56. g6+ Kf6 57. Na7 Kxg6 58. Nc8 Kf6 59. Kd5 Nf4+ 60. Ke4 Ngh5 61. Nb6 d5+ 62. Kd4 e5+ 63. Ke3 Ke6 64. Na4 Nf6 65. Nc5+ Kf5 66. Nb3 Ng4+ 67. Kd2 Ke4 68. Nc5+ Kf3 69. Nb3 Kf2 70. Kd1 e4 71. Nc1 e3 0-1